LEADER 01105cam0-22003851i-450- 001 990006163500403321 005 20130204104202.0 035 $a000616350 035 $aFED01000616350 035 $a(Aleph)000616350FED01 035 $a000616350 100 $a20000112d1971----km-y0itay50------ba 101 0 $aita 102 $aIT 105 $ay-------001yy 200 1 $aGaranzia del credito e autonomia privata$fLelio Barbiera 210 $aNapoli$cJovene$d1971 215 $aXII, 356 p.$d24 cm 225 1 $aPubblicazioni della Facoltà giuridica dell'Università di Bari$v22 610 0 $aNegozio di garanzia 676 $a346.45074$v19$zita 700 1$aBarbiera,$bLelio$f<1930- >$034473 801 0$aIT$bUNINA$gREICAT$2UNIMARC 901 $aBK 912 $a990006163500403321 952 $aUNIV. 243 (22)$b92273$fFGBC 952 $a16-AA-86$b281$fDDCP 952 $aA-IV-A-8$b343$fDDRC 952 $aUNIV. 6 (22)$b818$fFSPBC 959 $aFGBC 959 $aDDCP 959 $aDDRC 959 $aFSPBC 996 $aGaranzia del credito e autonomia privata$9644333 997 $aUNINA LEADER 00855nam2-22003011i-450- 001 990000219820403321 035 $a000021982 035 $aFED01000021982 035 $a(Aleph)000021982FED01 035 $a000021982 100 $a20011111d--------km-y0itay50------ba 101 0 $aita 105 $ay-------001yy 200 1 $a1. : III, 610 p.Precede il tit.: Mécanique pratique 210 $aParis$cL. Hachette et C.$d1863- 215 $av.$d22 cm 461 0$1001000010641$12001$aEtudes sur la ventilation 610 0 $aVentilazione 676 $a697.9 700 1$aMorin,$bArthur$02905 801 0$aIT$bUNINA$gRICA$2UNIMARC 901 $aBK 912 $a990000219820403321 952 $a13 AR 21 B 46$b5565$fFINBC 959 $aFINBC 996 $a1. : III, 610 p.Precede il tit.: Mécanique pratique$9123635 997 $aUNINA DB $aING01